LEADER 02997nam 2200673 450 001 9910794086303321 005 20231211211201.0 010 $a9781526132000 010 $a1-5261-3201-X 010 $a1-5261-5210-X 010 $a1-5261-3200-1 024 7 $a10.7765/9781526132000 035 $a(CKB)4100000010568675 035 $a(OCoLC)1143847470 035 $a(MdBmJHUP)muse82614 035 $a(MiAaPQ)EBC6130850 035 $a(DE-B1597)660492 035 $a(DE-B1597)9781526132000 035 $a(EXLCZ)994100000010568675 100 $a20200611d2020 uy 0 101 0 $aeng 135 $aur|||||||nn|n 181 $ctxt$2rdacontent 182 $cc$2rdamedia 183 $acr$2rdacarrier 200 10$aEmpire and enterprise $emoney, power and the adventurers for Irish land during the British Civil Wars /$fDavid Brown 210 1$aManchester :$cManchester University Press,$d[2020] 210 4$dİ2020 215 $a1 online resource (300 pages) 225 1 $aStudies in early modern Irish history. 311 $a9781526131997 320 $aIncludes bibliographical references and index. 327 $aAtlantic oligarchy : Ireland in the early English Atlantic world -- The Three Kingdoms -- The Adventure for Irish land -- Grocers' Hall -- Commonwealth -- Republic -- Restoration. 330 $aThis book is about the transformation of England's trade and government finances in the mid-seventeenth century, a revolution that destroyed Ireland. In 1642 a small group of merchants, the 'Adventurers for Irish land', raised an army to conquer Ireland but sent it instead to fight for parliament in England. Meeting secretly at Grocers Hall in London from 1642 to 1660, they laid the foundations of England's empire and modern fiscal state. But a dispute over their Irish land entitlements led them to reject Cromwell's Protectorate and plot to restore the monarchy. This is the first book to chart the relentless rise of the Adventurers and their profound political influence. It is essential reading for students of Britain and Ireland in the mid-seventeenth century, the origins of England's empire and the Cromwellian land settlement. 410 0$aStudies in early modern Irish history. 606 $aLand settlement$zIreland$xHistory$y17th century 606 $aLand tenure$zIreland$y17th century 607 $aIreland$xHistory$y1625-1649 610 $aBritish history. 610 $aCaribbean. 610 $aColonies. 610 $aCromwell. 610 $aEmpire. 610 $aEnglish Civil War. 610 $aFinance. 610 $aIrish history. 610 $aMerchants. 610 $aSlavery. 615 0$aLand settlement$xHistory 615 0$aLand tenure 676 $a941.506 700 $aBrown$b David$f1968 April 25-$01482301 801 0$bMiAaPQ 801 1$bMiAaPQ 801 2$bMiAaPQ 906 $aBOOK 912 $a9910794086303321 996 $aEmpire and enterprise$93699851 997 $aUNINA LEADER 04424nam 2200685Ia 450 001 9911019366703321 005 20200520144314.0 010 $a9786610367542 010 $a9781280367540 010 $a1280367547 010 $a9780470249444 010 $a0470249447 010 $a9780471464150 010 $a0471464155 010 $a9780471203407 010 $a0471203408 035 $a(CKB)111056485578810 035 $a(EBL)152022 035 $a(SSID)ssj0000080380 035 $a(PQKBManifestationID)11119610 035 $a(PQKBTitleCode)TC0000080380 035 $a(PQKBWorkID)10095333 035 $a(PQKB)10635723 035 $a(MiAaPQ)EBC152022 035 $a(OCoLC)85820153 035 $a(Perlego)2783731 035 $a(EXLCZ)99111056485578810 100 $a19990309d2000 uy 0 101 0 $aeng 135 $aur|n|---||||| 181 $ctxt 182 $cc 183 $acr 200 14$aThe cellular connection $ea guide to cellular telephones /$fRobert A. Steuernagel 205 $a4th ed. 210 $aNew York $cJohn Wiley & Sons$dc2000 215 $a1 online resource (146 p.) 300 $aIncludes index. 300 $a"A John Wiley & Sons, Inc., publication." 311 08$a9780471316527 311 08$a0471316520 327 $aTHE CELLULAR CONNECTION; CONTENTS; PREFACE; 1 AN INTRODUCTION TO CELLULAR PHONE SYSTEMS; The Cellular Method; 2 CELLULAR PHONE EQUIPMENT; The Cellular Telephone; What You Should Know About Cellular Frequencies; Numeric Assignment Module (NAM); A Quick Visit to a Cell Site; 3 THE BUSINESS OF CELLULAR PHONES; Where Can you Get Cellular Service?; How Licenses Were Granted: Wireline and Nonwireline Companies; Who Sells Cellular Phones; 4 GETTING CELLULAR SERVICE; Finding the Best Source of Cellular Phones and Service; Equipment Costs; What to Look for in a Cellular Phone; Trying It Out 327 $aCellular Service Pricing-Your Most Important DecisionReminder: The Cellular Buyer's Checklist; 5 THE BILL, PLEASE; One-Time (Nonrecurring) Expenses; Recurring Expenses; Variable Charges and Pricing Plans; Terms Associated with Recurring Charges; Illustrative Pricing Plans; Additional Rate Plans; Special Promotions and Pricing Options; How Calls Are Billed; Long Distance and Roaming; Choosing a Service Provider; 6 HELLO, MA? IT'S ME!; Buttons, Buttons; Displays and Indicators; Placing a Call; Special Telephone Numbers; Receiving a Call; Health Considerations; Batteries and Power Supplies 327 $aCellular EtiquetteSpecial Cellular Features; 7 ROAMING; How to Tell When You're Roaming; Roaming: Outgoing Calls; Roaming: Incoming Calls; Roaming Fraud; Roamer Billing; Additional Roaming Considerations; 8 MOBILE AND TRANSPORTABLE PHONES; Car Cellular Telephone Components; Roof-Mounted Antennas; Trunk-Mounted Antennas; Glass-Mounted Antennas; Transportables; 9 OPTIONS AND ACCESSORIES; Batteries; Chargers and Eliminators; Hands-Free Operation; Pagers; Cases; Data Applications; A Cellular Data Communications Session; Fax Applications; Short-Message Service 327 $a10 DEALING WITH OPERATIONAL DIFFICULTIESBad Connections; Signal Dropouts and Dead Spots; Other Intermittent Effects; Mechanical or Electronic Failure; Service and Repair; 11 SAFETY AND SECURITY; Safety; Security; 12 INTO THE FUTURE; Digital Cellular; Personal Communications Service; Technology; Applications; GLOSSARY; INDEX 330 $aHow to choose cellular service wisely and become an adept cellular userKeeping in touch via cellular is increasingly vital in today's fast--paced world. The technology now boasts over 50 million subscribers, and that figure is expected to double in the next five years. Whether you are a regular user or an industry professional, The Cellular Connection, Fourth Edition helps you keep current in the field. Written in a nontechnical language by an industry insider, this new edition of a highly successful book (over a quarter million copies sold!) demystifies both service and technology, ex 606 $aCell phone systems 606 $aCell phones 615 0$aCell phone systems. 615 0$aCell phones. 676 $a384.5/3 676 $a621.38456 700 $aSteuernagel$b Robert$01839442 801 0$bMiAaPQ 801 1$bMiAaPQ 801 2$bMiAaPQ 906 $aBOOK 912 $a9911019366703321 996 $aThe cellular connection$94418667 997 $aUNINA